Online Public Access Catalogue

The Independent Medical Transcriptionist (Record no. 4794)

MARC details
000 -LEADER
fixed length control field 00862cam a2200193 a 4500
020 ## - INTERNATIONAL STANDARD BOOK NUMBER
International Standard Book Number 1877810231 (alk. paper)
082 00 - DEWEY DECIMAL CLASSIFICATION NUMBER
Classification number 616
Author Mark AVI
100 1# - MAIN ENTRY--PERSONAL NAME
Author Name Avila-Weil, Donna.
100 1# - MAIN ENTRY--PERSONAL NAME
Author Name Mary Glaccum
245 14 - TITLE STATEMENT
Title The Independent Medical Transcriptionist
250 ## - EDITION STATEMENT
Edition statement 3rd
260 ## - PUBLICATION, DISTRIBUTION, ETC.
Place of publication, distribution, etc. USA
Name of publisher, distributor, etc. Rayve Productions,
Date of publication, distribution, etc. 1992
300 ## - PHYSICAL DESCRIPTION
No of Pages viii,424 p;
Dimensions 23 cm.
504 ## - BIBLIOGRAPHY, ETC. NOTE
Bibliography, Index, etc. note Includes bibliographical references and index.
650 #0 - SUBJECT ADDED ENTRY--TOPICAL TERM
Subject Medical transcription.
Keywords IMDC
-- The Health Care Industry
-- Information management
-- New Technology Demand
-- Dialect Difficulties
-- Productivity Pays
-- Consider Moonlighting
-- Child Care
-- Family Communication
942 ## - ADDED ENTRY ELEMENTS (KOHA)
Source of classification or shelving scheme
Koha item type Books
Holdings
Item status Home library Current library Shelving location Date acquired Total Checkouts Full call number Barcode Date last seen Koha item type
  Islamabad Medical and Dental College Islamabad Medical and Dental College Islamabad Medical and Dental College 16/03/2018   616 AVI 6516 16/03/2018 Books

Copyright @ IMDC Library
Islamabad Medical and Dental College
Bhara Kahu, Islamabad

  Contact the Librarian, IMDC
  Email:: library@imdcollege.edu.pk

  OPAC Customized by
  Mazhar Hussain,
  Librarian:
  Islamabad Medical and Dental College
  Email:: library@imdcollege.edu.pk